000 00263nam a22001217a 4500
008 170529b xxu||||| |||| 00| 0 eng d
041 _aeng
080 _a93
100 _a16
101 _aSHH
245 _aBOOK OF THE SEVEN SEAS
_cFREUCHENS, P
942 _2udc
_cBK
999 _c14935
_d14935